000 00848nam a2200217Ii 4500
003 JO-AjNU
008 230605s9999||||xx |||||||||||||| ||und||
017 _a2019/1/78
040 _aJO-AjNU
_bara
_erda
_cJO-AjNU
041 _aara
050 1 4 _aHF5667.J353.2020
100 3 _aالججاوي، طلال محمد علي، م مشارك ايمان جواد احمد الخفاجي,
_eauthor
_961590
245 0 0 _aمحاسبة الاستدامة والشفافية وفق مؤشرات S&P-ISX-ESG ومعايير GRI
250 _aط1
264 3 1 _aعمان: دار الايام للنشر والتوزيع، 2020
300 _a338ص
336 _atext
_btxt
_2rdacontent
337 _aunmediated
_bn
_2rdamedia
338 _avolume
_bnc
_2rdacarrier
650 4 _aتدقيق الحسابات-السجلات المالية-المحاسبة
_961591
999 _aA27847
_c31415
_d31415